Литология и нефтегазоносность: избранные труды

Bibliographic Details
Main Author: Вассоевич Н. Б. Николай Брониславович
Other Authors: Хаин В. Е. (редактор)
Language:Russian
Published: Москва, Наука, 1990
Subjects:
Format: Book
KOHA link:https://koha.lib.tpu.ru/cgi-bin/koha/opac-detail.pl?biblionumber=91094

MARC

LEADER 00000nam0a2200000 4500
001 91094
005 20231031103901.0
010 |a 5020021091 
020 |a RU  |b 90-39937 
035 |a (RuTPU)RU\TPU\book\97672 
090 |a 91094 
100 |a 20060220d1990 k a0rusy5003 ca 
101 0 |a rus 
102 |a RU 
105 |a ac z 001zy 
200 1 |a Литология и нефтегазоносность  |e избранные труды  |f Н. Б. Вассоевич  |g отв. ред. В. Е. Хаин 
210 |a Москва  |c Наука  |d 1990 
215 |a 263,[1] с., [1] л. портр.  |c ил.  |d 22 см 
320 |a Библиогр. в конце работ 
610 1 |a петрография осадочных пород 
610 1 |a нефтеносные районы 
610 1 |a газоносные районы 
675 |a 552.5  |z rus 
675 |a 553.98.04  |z rus 
700 1 |a Вассоевич  |b Н. Б.  |g Николай Брониславович  |4 070 
702 1 |a Хаин  |b В. Е.  |4 340 
801 0 |a RU  |b RuMRKP  |c 19950417  |g psbo 
801 1 |a RU  |b 63413507  |c 20060220  |g PSBO 
801 2 |a RU  |b 63413507  |c 20060626  |g PSBO 
942 |c BK